Herbals: Their origin and evolution (Record no. 396008)

MARC details
000 -LEADER
fixed length control field 00491 a2200193 4500
005 - DATE & TIME
control field 20260210101253.0
008 - FIXED-LENGTH DATA ELEMENTS--GENERAL INFORMATION
fixed length control field 260209b |||||||| |||| 00| 0 eng d
020 ## - ISBN
International Standard Book Number 9789390680672
Price Rs. 1725.00
040 ## - CATALOGING SOURCE
Original cataloging agency VIVEKANANDA LIBRARY
082 ## - DDC NUMBER
Classification number 581.6309
Book Number A16H
100 ## - MAIN ENTRY--PERSONAL NAME
Personal name Arber, Agned
245 ## - TITLE STATEMENT
Title Herbals: Their origin and evolution
260 ## - PUBLICATION, DISTRIBUTION, ETC. (IMPRINT)
Name of publisher, distributor, etc Hilltop Publications
Date of publication, distribution, etc 2023
Place of publication, distribution, etc Jaipur
300 ## - PHYSICAL DESCRIPTION
Pages xii, 220
650 ## - Subject
Subject Botany
650 ## - Subject
Subject Herbals
650 ## - Subject
Subject Medicinal Plants
942 ## - ADDED ENTRY ELEMENTS (KOHA)
Koha item type Books
Holdings
Withdrawn status Lost status Source of classification or shelving scheme Damaged status Not for loan Location (home branch) Sublocation or collection (holding branch) Shelving location Date acquired Koha issues (times borrowed) Koha full call number Accession No. Koha date last seen Koha item type
    Dewey Decimal Classification     VIVEKANANDA LIBRARY VIVEKANANDA LIBRARY Vivekananda Library 22/01/2026   581.6309 A16H 444488 22/01/2026 Books
© Designed and Maintained by Vivekananda Library, MDU Rohtak